• 首页
  • 本馆介绍
  • 公告通知
  • 最新文献
  • 馆藏检索
  • 电子资源
  • 读者导购
  • 参考咨询
  • 我的图书馆
  • 登录
  • 详细信息显示
  • 放入我的书架
  • 预约/预借图书
  • 作者相关作品
  • 分类相关作品
  • 丛书相关作品
  • 出版社相关作品

书目信息

  • 表格格式
  • 工作单格式
  • 卡片格式
题名:
创新思维训练
    
 
作者: 吴晓义 主编
分册:  
出版信息: 北京   国家行政学院出版社  2019
页数: 197页
开本: 26cm
丛书名: 创新创业教育系列丛书
单 册:
中图分类: B804.4
科图分类:
主题词: 创造性思维--思维训练
电子资源:
ISBN: 978-7-5150-2308-3
000 00837nam0 2200253 450
001 012001006054
005 20131015131722.0
010    @a978-7-5150-2308-3@dCNY36.00
100    @a20190725d2019 em y0chiy50 ea
101 0  @achi
102    @aCN@b110000
105    @ay z 000yy
106    @ar
200 1  @a创新思维训练@9chuang xin si wei xun lian@b专著@f吴晓义主编
210    @a北京@c国家行政学院出版社@d2019
215    @a197页@d26cm
225 1  @a创新创业教育系列丛书
300    @a国家出版基金项目 2018年度国家出版基金资助项目
330    @a本书分为创新思维概述、创新思维原理、创新思维工具、创新思维技法四个单元,每个单元的学习都是从“问题与情境”开始的。
606 0  @a创造性思维@x思维训练
690    @aB804.4@v5
701  0 @a吴晓义@9wu xiao yi@4主编
801  2 @aCN@b上海新华@c20191020
905    @b1098601-4@dB804.4@e123@f4
    
    创新思维训练/吴晓义主编.-北京:国家行政学院出版社,2019
    197页;26cm.-(创新创业教育系列丛书)
    国家出版基金项目 2018年度国家出版基金资助项目
    
    ISBN 978-7-5150-2308-3:CNY36.00
    本书分为创新思维概述、创新思维原理、创新思维工具、创新思维技法四个单元,每个单元的学习都是从“问题与情境”开始的。
●
相关链接 在E读中查询图书 在五车中查询图书 在当当中查询图书 在豆瓣中查询图书


正题名:创新思维训练     索取号:B804.4/123         预约/预借

序号 登录号 条形码 馆藏地/架位号 状态 备注
1 1098601   210986012   第一样本阅览室/ [索取号:B804.4/123] 在馆    
2 1098602   210986021   第一借阅区/ [索取号:B804.4/123] 在馆    
3 1098603   210986030   第一借阅区/ [索取号:B804.4/123] 在馆    
4 1098604   210986049   第一借阅区/ [索取号:B804.4/123] 在馆    
唐山师范学院图书馆 欢迎您!
大连网信软件有限公司© 版权所有